| 000 | 00769nam a2200241Ia 4500 | ||
|---|---|---|---|
| 003 | OSt | ||
| 005 | 20241010110134.0 | ||
| 008 | 210716s2008 xx 000 0 und d | ||
| 020 | _a9780195694581 | ||
| 040 | _cAIMIT LIBRARY | ||
| 041 | _aeng | ||
| 082 |
_a382.6 _21 _bPUUJ |
||
| 100 |
_aPaul, Justin. _9182059 |
||
| 245 |
_aExport import management / _cBy Justin Paul and Rajiv Aserkar. |
||
| 250 | _a1st ed. | ||
| 260 |
_aNew Delhi : _bOxford University Press , _c2008. |
||
| 300 |
_axiv,397p. ; _bPB _c25 cm |
||
| 650 |
_aMethods and instruments of payment and pricing incoterms _9182060 |
||
| 650 |
_aCharacteristics of shipping industry _9182061 |
||
| 650 |
_aWorld shipping _9182062 |
||
| 700 |
_aAserkar, Rajiv. _9182063 |
||
| 942 |
_2ddc _cBK _e1st _k382.6 PAUJ |
||
| 999 |
_c202525 _d202525 |
||